[Event "FSIMA March"]
[Site "Budapest HUN"]
[Date "2001.03.09"]
[Round "6"]
[White "Gonda,L"]
[Black "Hajnal,Z"]
[Result "1-0"]
[WhiteElo "2265"]
[BlackElo "2349"]

1.c4 c6 2.Nf3 d5 3.b3 Bf5 4.Bb2 e6 5.g3 h6 6.Bg2 Nf6 7.O-O Be7 8.d3 O-O 9.Nbd2 Nbd7
10.a3 a5 11.Rc1 Bh7 12.Rc2 Qb6 13.Qa1 Rfc8 14.Ne5 Nxe5 15.Bxe5 Qd8 16.Qb2 Qf8
17.Nb1 b5 18.cxb5 cxb5 19.Rfc1 Rxc2 20.Rxc2 Nd7 21.Bd4 b4 22.a4 Bc5 23.Bxc5 Nxc5
24.Nd2 Rc8 25.Rc1 Rc7 26.d4 Na6 27.Rxc7 Nxc7 28.Qc1 Qd6 29.Nf3 f6 30.e3 Kf8
31.Bf1 Ke7 32.Ne1 e5 33.dxe5 fxe5 34.Bd3 Bxd3 35.Nxd3 Ne6 36.f4 e4 37.Ne5 d4
38.exd4 Qxd4+ 39.Kg2 Qc3 40.Qd1 Qc7 41.Qd5 Qc2+ 42.Kh3 Qc8 43.f5 Nd8 44.Kg4 h5+
45.Kg5 Qc1+ 46.Kh4 Qc7 47.Qxe4 Kf6 48.Nf3 g5+ 49.Nxg5 Qd7 50.Ne6 Qe7 51.Kh3 Kf7
52.Qd5  1-0

[Event "KPMG Weekender"]
[Site "Zwolle NED"]
[Date "2001.03.10"]
[Round "2"]
[White "Lalic,B"]
[Black "Smeets,J"]
[Result "1-0"]
[WhiteElo "2531"]
[BlackElo "2272"]

1.c4 c6 2.d4 d5 3.Nf3 e6 4.Qc2 Nf6 5.Bg5 Nbd7 6.Nbd2 Be7 7.e3 h6 8.Bf4 O-O
9.a3 c5 10.dxc5 Nxc5 11.Be2 Bd7 12.Ne5 Nfe4 13.Nxd7 Qxd7 14.Rd1 Qa4 15.Qxa4 Nxa4
16.cxd5 exd5 17.Nxe4 dxe4 18.Rd7 Bf6 19.Rxb7 Bxb2 20.O-O Bf6 21.Bc4 Rac8
22.Bc7 Bd8 23.Rxa7 Rxc7 24.Rxa4 Be7 25.g3 Rd8 26.Rb1 g6 27.Rb5 Rd1+ 28.Kg2 Ra1
29.Rb3 Rd7 30.Bb5 Rdd1 31.Ra7 Bc5 32.Rc7 Rdc1 33.Be8 Bxe3 34.Bxf7+ Kg7 35.Bc4+  1-0

[Event "Belgian Interteams 2000-1"]
[Site "BEL"]
[Date "2001.03.11"]
[Round "10"]
[White "Cekro,E"]
[Black "Sadkowsky,D"]
[Result "1-0"]
[WhiteElo "2393"]
[BlackElo "2337"]

1.c4 c6 2.g3 d5 3.Bg2 Nf6 4.Nf3 Bg4 5.b3 e6 6.Bb2 Nbd7 7.O-O Be7 8.d3 O-O
9.Nbd2 a5 10.a3 b5 11.Rc1 Qb6 12.cxb5 cxb5 13.Qc2 Qa6 14.Qc6 Nb6 15.Qc7 Ra7
16.Qf4 Nbd7 17.e4 dxe4 18.dxe4 Bh5 19.h3 Bg6 20.Qe3 Raa8 21.Nh4 Rac8 22.Nxg6 hxg6
23.e5 Nd5 24.Bxd5 exd5 25.Nf3 Nc5 26.Nd4 a4 27.b4 Nb3 28.Rxc8 Rxc8  1-0

[Event "FSIMA March"]
[Site "Budapest HUN"]
[Date "2001.03.12"]
[Round "9"]
[White "Nemeth,Z"]
[Black "Gonda,L"]
[Result "1/2-1/2"]
[WhiteElo "2319"]
[BlackElo "2265"]

1.c4 c6 2.Nf3 d5 3.b3 Nf6 4.g3 Bg4 5.Bg2 e6 6.Bb2 Nbd7 7.O-O Bd6 8.d4 O-O
9.Nbd2 a5 10.a3 Qe7 11.Re1 Rfe8 12.Ne5 Bh5 13.Qc1 Bc7 14.Nxd7 Qxd7 15.e4 dxe4
16.Nxe4 Nxe4 17.Bxe4 Bg6 18.Bg2 Bd8 19.d5 cxd5 20.cxd5 exd5 21.Rxe8+ Qxe8
22.Bxd5 Qd7 23.Qe1 Bf6 24.Bxf6 Qxd5 25.Qe5 Qxe5 26.Bxe5 Bc2  1/2-1/2

[Event "Victor Ciocaltea Mem"]
[Site "Bucharest ROM"]
[Date "2001.03.13"]
[Round "10"]
[White "Marin,M"]
[Black "Iordachescu,V"]
[Result "1/2-1/2"]
[WhiteElo "2604"]
[BlackElo "2578"]

1.c4 c6 2.Nf3 d5 3.cxd5 cxd5 4.d4 Nc6 5.Nc3 Nf6 6.Bf4 a6 7.Rc1 Ne4 8.Ne5 Nxc3
9.Rxc3 e6 10.a3 Bd7 11.e3 Rc8 12.Qc2 Nxe5 13.Bxe5 Rxc3 14.Qxc3 Qc8 15.Kd2 Qxc3+
16.Kxc3 f6 17.Bg3 Be7 18.Bd3  1/2-1/2

[Event "FSIMA March"]
[Site "Budapest HUN"]
[Date "2001.03.13"]
[Round "10"]
[White "Farago,S"]
[Black "Gonda,L"]
[Result "1-0"]
[WhiteElo "2285"]
[BlackElo "2265"]

1.c4 c6 2.Nf3 d5 3.b3 Nf6 4.Bb2 Bg4 5.Ne5 Bf5 6.d3 e6 7.Nd2 Bd6 8.g3 O-O
9.Bg2 Nbd7 10.Nxd7 Nxd7 11.O-O Bg6 12.Nf3 f6 13.cxd5 cxd5 14.Nd4 Bf7 15.e4 Re8
16.exd5 exd5 17.Nf5 Bf8 18.h4 g6 19.Ne3 Nb6 20.Bd4 f5 21.a4 Bg7 22.Bxg7 Kxg7
23.a5 Nc8 24.Qf3 Ne7 25.Qf4 Nc6 26.h5 Qf6 27.Ra4 Rad8 28.Rc1 Be6 29.h6+ Kg8
30.Nf1 Qb2 31.Nh2 Ne5 32.Ra2 Qxa2 33.Qxe5 Re7 34.Nf3 Qa3 35.Rc7 Rxc7 36.Qxc7 Rd7
37.Qc3 Qe7 38.Nd4 Rc7 39.Qd2 Bf7 40.Qf4  1-0

[Event "1st Masters"]
[Site "Pinamar ARG"]
[Date "2001.03.14"]
[Round "7"]
[White "Giardelli,S"]
[Black "Hobaica,J"]
[Result "1-0"]
[WhiteElo "2438"]
[BlackElo "2306"]

1.c4 c6 2.g3 d5 3.Qc2 Nf6 4.Nf3 Bg4 5.Bg2 Nbd7 6.O-O e6 7.d3 dxc4 8.dxc4 Bf5
9.Qd1 h6 10.Nc3 Nc5 11.Be3 Be7 12.Nd4 Bg6 13.b4 Nce4 14.Nxe4 Nxe4 15.Qb3 O-O
16.Rad1 Qc7 17.c5 Kh7 18.h4 Kh8 19.Nf3 e5 20.Qc4 Nf6 21.Qc3 e4 22.Ne5 Bf5
23.Bf4 Qc8 24.Rd4 Qe6 25.Nc4 Nd5 26.Qd2 Bf6 27.Bd6 Rfd8 28.Ne3 Nxe3 29.fxe3 Bxd4
30.exd4 Rd7 31.Kh2 Re8 32.Qe3 Bg4 33.a3 b5 34.Ra1 Qc4 35.Be5 f5 36.Qxh6+ Kg8
37.Qxc6 Rdd8 38.Qc7 Qf7 39.Qxf7+ Kxf7 40.e3 Rxe5 41.dxe5 Rd2 42.Kg1 Rc2 43.Bf1 a6
44.a4 bxa4 45.Bxa6 Ke6 46.Rxa4 Kxe5 47.Bf1 Bf3 48.Ra1 Kd5 49.Rb1 Rd2 50.Rc1 Kc6
51.b5+ Kb7 52.c6+  1-0

[Event "4NCL"]
[Site "Birmingham ENG"]
[Date "2001.03.17"]
[Round "7"]
[White "Seymour,J"]
[Black "Yurenok,M"]
[Result "0-1"]
[WhiteElo "2040"]
[BlackElo "2058"]

1.c4 c6 2.Nc3 d5 3.cxd5 cxd5 4.d4 Nf6 5.Bg5 e6 6.e3 Nc6 7.Bd3 Be7 8.Nge2 Bd7
9.O-O O-O 10.a3 Na5 11.b3 Rc8 12.f3 Qb6 13.Bc2 Bb5 14.Nxb5 Qxb5 15.b4 Nc4
16.Qd3 g6 17.Bh4 Qd7 18.Bf2 Rc7 19.Rfc1 Rfc8 20.Bb3 b5 21.Bg3 Bd6 22.Bxd6 Qxd6
23.Rc2 a6 24.h3 Nd7 25.e4 Qb6 26.e5 Ndxe5 27.Qd1 Nc6 28.Rc3 Ne7 29.g4 a5
30.f4 a4 31.Bxc4 dxc4 32.Kh2 Rd7 33.Qg1 Rcd8 34.Rd1 Qa7 35.Rc2 Nd5 36.Kg3 Nf6
37.h4 Qb7 38.Nc3 h5 39.g5 Nd5  0-1

[Event "Czech Extra League 2000-1"]
[Site "CZE"]
[Date "2001.03.17"]
[Round "8"]
[White "Nedela,V"]
[Black "Haba,P"]
[Result "0-1"]
[WhiteElo "2385"]
[BlackElo "2461"]

1.c4 c6 2.Nc3 d5 3.d4 e6 4.Nf3 dxc4 5.a4 Bb4 6.e3 b5 7.Bd2 a5 8.axb5 Bxc3
9.Bxc3 cxb5 10.b3 Bb7 11.bxc4 b4 12.Bb2 Nf6 13.Bd3 Nbd7 14.O-O O-O 15.Re1 Re8
16.Qc2 Qc7 17.h3 h6 18.Red1 Rec8 19.e4 e5 20.dxe5 Ne8 21.Be2 Nc5 22.Rd5 a4
23.Nd2 a3 24.Bd4 Ne6 25.Be3 Bxd5 26.exd5 Qxe5 27.Nb3 Nf4 28.Bf3 Nd6 29.Bd4 Qf5
30.Qxf5 Nxf5 31.Bc5 Nd3 32.d6 Nxc5 33.Nxc5 Rxc5 34.Bxa8 Nxd6  0-1

[Event "Tch-AUT 2000-01"]
[Site "Fuerstenfeld AUT"]
[Date "2001.03.17"]
[Round "10"]
[White "Brestian,E"]
[Black "Wach,M"]
[Result "1/2-1/2"]
[WhiteElo "2421"]
[BlackElo "2381"]

1.c4 c6 2.Nf3 d5 3.b3 Nf6 4.Bb2 Bf5 5.g3 e6 6.Bg2 Be7 7.O-O O-O 8.d3 Nbd7
9.Nbd2 h6 10.Qc2 Bh7 11.Rad1 Qc7 12.e4 dxe4 13.Nxe4 Rfd8 14.Qe2 a5 15.Nc3 Nc5
16.d4 Nce4 17.Ne5 Nxc3 18.Bxc3 Bf8 19.h4 c5 20.g4 cxd4 21.Bxd4 Ne8 22.Bc3 Bc5
23.g5 hxg5 24.hxg5 Bf5 25.Qh5 f6 26.gxf6 Nxf6 27.Qh4 Rxd1 28.Rxd1 Rd8 29.Rxd8+ Qxd8
30.Bf3 b6 31.Kg2 Be7 32.Nc6 Qf8 33.Nxe7+ Qxe7 34.Be5 Qf7 35.Qd4 Qg6+ 36.Bg3 Be4
37.Bxe4 Nxe4 38.Qd8+ Kh7 39.Qh4+ Kg8 40.Qd8+ Kh7 41.Qxb6 Nxg3 42.fxg3 Qe4+
43.Kf2 Qc2+ 44.Ke3 Qc1+ 45.Ke4 Qh1+ 46.Kd3 Qd1+ 47.Kc3 Qc1+  1/2-1/2

[Event "TCh-SVK"]
[Site "SVK"]
[Date "2001.03.18"]
[Round "11"]
[White "Tibensky,R"]
[Black "Talla,V"]
[Result "1/2-1/2"]
[WhiteElo "2414"]
[BlackElo "2401"]

1.c4 c6 2.Nf3 d5 3.b3 Nf6 4.Bb2 Bg4 5.Ne5 Be6 6.d3 g6 7.g3 Bg7 8.Bg2 O-O
9.Nf3 Qc8 10.h3 a5 11.Nc3 Na6 12.Rc1 Qd8 13.cxd5 Nxd5 14.Qd2 Nxc3 15.Bxc3 Bxc3
16.Rxc3 f6 17.h4 a4 18.bxa4  1/2-1/2

[Event "TCh-SVK"]
[Site "SVK"]
[Date "2001.03.18"]
[Round "11"]
[White "Plachetka,J"]
[Black "Varga,P"]
[Result "0-1"]
[WhiteElo "2373"]
[BlackElo "2465"]

1.c4 c6 2.e4 e5 3.Nf3 d6 4.Nc3 Be7 5.d4 Bg4 6.Be2 Bxf3 7.Bxf3 Bg5 8.Bxg5 Qxg5
9.d5 c5 10.Qa4+ Kf8 11.b4 Na6 12.a3 Qe7 13.O-O Nf6 14.Rab1 g6 15.Qc2 Kg7
16.Qd3 Rhc8 17.Bd1 Qc7 18.Be2 Qe7 19.g3 Nb8 20.bxc5 Rxc5 21.f4 b6 22.fxe5 Qxe5
23.Rf4 Nbd7 24.Rbf1 a6 25.Bg4 Rf8 26.Bxd7 Nxd7 27.Ne2 Qb2 28.Rh4 Kg8 29.Rb1 Qa2
30.Rf1 Rxc4 31.Nd4 Ne5 32.Qe3 Qb2 33.Nc6 Nxc6 34.dxc6 Rxc6 35.Qh6 Qg7 36.Qg5 Rc5
37.Qe7 Qe5 38.Qb7 Qd4+ 39.Kh1 Rc2 40.Qd7 Qd2 41.Qh3 Rc1 42.Rf4 Rxf1+ 43.Rxf1 Qd3  0-1

[Event "ch-BUL Women"]
[Site "Plovdiv BUL"]
[Date "2001.03.20"]
[Round "1"]
[White "Voiska,M"]
[Black "Djingarova,E"]
[Result "1-0"]
[WhiteElo "2305"]
[BlackElo "2235"]

1.c4 c6 2.Nc3 d5 3.e3 Nf6 4.Nf3 a6 5.a4 e6 6.Be2 Be7 7.O-O dxc4 8.Bxc4 a5
9.d4 O-O 10.e4 b6 11.Qb3 Ba6 12.Rd1 Qc8 13.Ne5 Bb4 14.Bg5 Bxc4 15.Nxc4 Nbd7
16.Bxf6 gxf6 17.d5 cxd5 18.exd5 e5 19.Ne4 Kh8 20.Rac1 Qd8 21.Qf3 Rg8 22.Ncd6 Bxd6
23.Nxd6 Qf8 24.Nf5 Nc5 25.d6 Re8 26.Ne7 Rxe7 27.Qxf6+ Qg7 28.Qxg7+ Kxg7 29.dxe7 Re8
30.Rd6 Rxe7 31.Rxb6 Nxa4 32.Rb5 f6 33.Rc4 Rd7 34.g3 Rd4 35.Rxd4 exd4 36.Kf1  1-0

[Event "Korchnoi 70"]
[Site "St Petersburg RUS"]
[Date "2001.03.20"]
[Round "5"]
[White "Taimanov,M"]
[Black "Popov,Val"]
[Result "0-1"]
[WhiteElo "2454"]
[BlackElo "2545"]

1.c4 c6 2.Nf3 d5 3.e3 Nf6 4.b3 Bf5 5.Bb2 e6 6.Be2 h6 7.O-O Nbd7 8.d3 Bd6
9.e4 dxe4 10.dxe4 Nxe4 11.Bxg7 Rg8 12.Bxh6 Qf6 13.Nbd2 Nc3 14.Qe1 Qxh6 15.Rc1 Bh3
16.g3 Nxe2+ 17.Qxe2 Bxf1 18.Rxf1 O-O-O 19.Ne4 Be7 20.b4 Nf6 21.b5 Nxe4 22.Qxe4 Qg6
23.Qe3 Qd3 24.Qf4 Qf5 25.Qe3 Bc5 26.Qe2 Qd3 27.Qe5 Qxf3 28.Qxc5 b6 29.Qe5 c5
30.a4 Rd4 31.a5 Rgd8  0-1

[Event "Open"]
[Site "Bad Woerishofen GER"]
[Date "2001.03.21"]
[Round "7"]
[White "Varga,Zo"]
[Black "Dittmar,P"]
[Result "1-0"]
[WhiteElo "2519"]
[BlackElo "2339"]

1.c4 c6 2.e4 d5 3.cxd5 cxd5 4.exd5 Nf6 5.Bb5+ Nbd7 6.Nc3 a6 7.Be2 Nb6 8.d4 g6
9.Nf3 Bg7 10.Ne5 O-O 11.Bf3 Nbxd5 12.Qb3 Be6 13.Qxb7 Rb8 14.Qxa6 Nb4 15.Qe2 Qxd4
16.O-O Nfd5 17.Nxd5 Bxd5 18.Bxd5 Qxd5 19.Bf4 Nxa2 20.Nc6 Rb7 21.Nxe7+ Rxe7
22.Qxe7 Bxb2 23.Bh6 Bg7 24.Bxg7 Kxg7 25.Qa3 Ra8 26.Qb2+ f6 27.Rfd1  1-0

[Event "54th ch-YUG Women"]
[Site "Herceg Novi YUG"]
[Date "2001.03.23"]
[Round "1"]
[White "Kostic,M"]
[Black "Vasic,M"]
[Result "0-1"]
[WhiteElo "2178"]
[BlackElo "2096"]

1.c4 c6 2.Nc3 d5 3.cxd5 cxd5 4.d4 Nf6 5.Bf4 Nc6 6.Nf3 Bf5 7.e3 e6 8.Ne5 Nd7
9.g4 Bg6 10.h4 Ndxe5 11.Bxe5 h5 12.g5 a6 13.a3 Rc8 14.Qa4 Qa5 15.Rc1 b5 16.Qd1 Nxe5
17.dxe5 b4 18.axb4 Bxb4 19.Qd4 O-O 20.Be2 Bxc3+ 21.bxc3 Rc6 22.O-O Rfc8 23.Ra1 Qxc3
24.Rxa6 Qxd4 25.exd4 Rc2 26.Bb5 Rb8 27.Ra5 Rd2 28.f4 Rxd4 29.Rf2 Be4 30.Kh2 Rd1
31.Bf1 d4 32.Raa2 Rc8 33.Bg2 Bf5 34.Rad2 Rxd2 35.Rxd2 d3 36.Kg3 Rc2 37.Rd1 Kf8
38.Bh3 Be4 39.Bf1 Ke7 40.Ra1 Rc7 41.Kf2 Bf5 42.Ke3 Rc4 43.Ra7+ Kd8 44.Ra2 Rc2
45.Ra4 Rh2 46.Rd4+ Ke7 47.Bxd3 Rh3+ 48.Ke2 Bxd3+ 49.Rxd3 Rxh4 50.Rd4 Rh2+
51.Kf3 Ra2 52.Rb4 Ra7 53.Ke4 g6 54.Rc4 Kd7 55.Kf3 Rc7 56.Rd4+ Kc6 57.Rd6+ Kc5
58.Ra6 Kb5 59.Rd6 Rb7 60.f5 exf5 61.e6 fxe6 62.Rxe6 Rb6 63.Rf6 Kc5 64.Kf4 h4
65.Rf8 Kd5 66.Rg8 Re6 67.Rh8 Re4+ 68.Kf3 Rg4 69.Rh6 Rxg5 70.Rxh4 Ke5 71.Ra4 Rg1
72.Ra6 g5 73.Ra5+ Kf6 74.Ra6+ Kf7 75.Kf2 Rb1 76.Kf3 Rb3+ 77.Kf2 f4 78.Rc6 Re3
79.Rb6 Re6 80.Rb5 Kf6 81.Kf3 Re3+ 82.Kf2 Re5 83.Rb4 Kf5 84.Kf3 g4+ 85.Kf2 g3+
86.Kf3 Re3+ 87.Kg2 Kg4 88.Rc4 Re2+ 89.Kf1 Ra2 90.Kg1 g2 91.Kh2 Kf3 92.Rb4 Re2
93.Ra4 Re1 94.Ra3+ Kf2 95.Ra2+ Re2 96.Ra1 f3  0-1

[Event "TCh-ROM"]
[Site "Sovata ROM"]
[Date "2001.03.23"]
[Round "3"]
[White "Ionescu,Co"]
[Black "Raceanu,V"]
[Result "1-0"]
[WhiteElo "2504"]
[BlackElo "2379"]

1.c4 c6 2.Nf3 d5 3.e3 Nf6 4.Qc2 Nbd7 5.Nc3 e6 6.d4 Bd6 7.Bd3 O-O 8.O-O dxc4
9.Bxc4 a6 10.Ne4 Nxe4 11.Qxe4 Nf6 12.Qc2 Qe7 13.e4 e5 14.Re1 Bg4 15.Nxe5 Bxe5
16.dxe5 Qxe5 17.f3 Be6 18.Bf1 Rad8 19.Be3 Rd7 20.b4 a5 21.Qc5 Qxc5 22.Bxc5 Ra8
23.b5 Rd2 24.a3 Nd7 25.Be3 Rb2 26.bxc6 bxc6 27.Rec1 c5 28.a4 Rc8 29.Bb5 c4
30.Bd4 Rb3 31.Bc3 Nc5 32.Bxa5 Rxb5 33.axb5 Nb3 34.Bc3 Nxc1 35.Rxc1 Rb8 36.Rb1 f6
37.b6 Rb7 38.Kf2 Kf7 39.Ke3 Ke7 40.g4 Kd6 41.Bd4 Kc6 42.Ra1 Kb5 43.Ra7 Bc8
44.h4 Kb4 45.g5 Kb3 46.gxf6 gxf6 47.Rxb7 Bxb7 48.Bxf6 c3 49.Kd4  1-0

[Event "TCh-ROM"]
[Site "Sovata ROM"]
[Date "2001.03.24"]
[Round "4"]
[White "Marin,M"]
[Black "Volkov,S"]
[Result "1/2-1/2"]
[WhiteElo "2604"]
[BlackElo "2564"]

1.c4 c6 2.e4 d5 3.exd5 cxd5 4.d4 Nf6 5.Nc3 e6 6.Nf3 Bb4 7.cxd5 exd5 8.Qa4+ Nc6
9.Bb5 O-O 10.Bxc6 Bxc3+ 11.bxc3 bxc6 12.O-O Qb6 13.Ba3 Re8 14.Ne5 Ne4 15.Qxc6 Qxc6
16.Nxc6 Nxc3 17.Rfe1 Ba6 18.Ne7+ Kh8 19.f3 Ne2+ 20.Kf2 Nxd4 21.Nxd5 Nc2 22.Rxe8+ Rxe8
23.Rd1 Re2+ 24.Kg3 Nxa3 25.Nc7 h5 26.Nxa6 Rxa2 27.Rd7 Nc4 28.Nb4 Rb2 29.Nc6 f6
30.Rxa7 Ne3 31.h4 Rxg2+ 32.Kf4 Nd5+ 33.Ke4 Nc3+ 34.Kd3 Ne2 35.Ke3 Ng3 36.Kf4 Kh7
37.Nd4 Kh6 38.Ra6 Nh1 39.Nf5+ Kh7 40.Ra7 Nf2 41.Rd7 Nh3+ 42.Ke3 Rg1 43.Ra7 Rg2
44.Rd7 Ng1 45.Ra7 Nh3  1/2-1/2

[Event "54th ch-YUG Women"]
[Site "Herceg Novi YUG"]
[Date "2001.03.25"]
[Round "3"]
[White "Kostic,M"]
[Black "Drljevic,L"]
[Result "0-1"]
[WhiteElo "2178"]
[BlackElo "2128"]

1.c4 c6 2.Nc3 d5 3.cxd5 cxd5 4.d4 Nf6 5.Bf4 Nc6 6.Nf3 Bf5 7.e3 a6 8.Ne5 Rc8
9.Be2 Qb6 10.O-O Qxb2 11.Na4 Qa3 12.Nb6 Rd8 13.g4 g5 14.Bg3 Bg6 15.Nxc6 bxc6
16.Bc7 h5 17.Qb3 e6 18.Rac1 Qxb3 19.axb3 Bd6 20.Bxd8 Kxd8 21.Rxc6 Bc7 22.Rfc1 Ne8
23.Na8 Bd6 24.Rc8+ Ke7 25.gxh5 Bxh5 26.Bxh5 Rxh5 27.R1c6 Bxh2+ 28.Kg2 Nf6
29.Rxa6 Ne4 30.Ra7+ Kf6 31.f3 Nd6 32.Rc2 Nf5 33.Kf2 Bf4 34.Ke2 Bxe3 35.Rcc7 Rh2+
36.Kd3 Rd2+ 37.Kc3 Nd6 38.Ra5 Rd1 39.Kc2 Rxd4 40.Rc6 Nf5 41.Nc7 Rd2+ 42.Kb1 Rd1+
43.Ka2 Ne7 44.Rc2 d4 45.f4 Bxf4 46.Ra7 d3 47.Ne8+ Kg6 48.Rb2 Nc6 49.Ra4 d2
50.Rc4 Ne5 51.Rd4 Nf3 52.Rd3 Be5 53.Nd6 Bxb2 54.Kxb2 Re1  0-1

[Event "Tch-NED"]
[Site "NED"]
[Date "2001.03.25"]
[Round "8"]
[White "Boersma,P"]
[Black "Reedijk,P"]
[Result "1-0"]
[WhiteElo "2307"]
[BlackElo "2053"]

1.c4 c6 2.b3 d5 3.Bb2 e6 4.Nf3 Nf6 5.e3 Nbd7 6.Nc3 Bd6 7.Qc2 O-O 8.h3 e5
9.cxd5 cxd5 10.Nb5 Bb8 11.Rc1 e4 12.Nfd4 Ne5 13.Ba3 Re8 14.Qc5 Nd3+ 15.Bxd3 exd3
16.Nd6 Ne4 17.Qxc8 Bxd6 18.Qxd8 Raxd8 19.Bxd6 Rxd6 20.f3 Ng3 21.Rg1 Ra6 22.a4 Rb6
23.Rc3 Ne2 24.Nxe2 dxe2 25.Rd3 Rb4 26.Rxd5 Rxb3 27.Kxe2 Ra3 28.Rb1 b6 29.a5 bxa5
30.Rb7 Ra2 31.Rxa7 a4 32.Rdd7 Rf8 33.Rd4 a3 34.Rd3 g6 35.Rdxa3 Rb2 36.Ra8  1-0

[Event "Wotulo Mem"]
[Site "Jakarta INA"]
[Date "2001.03.26"]
[Round "5"]
[White "Johansen,D"]
[Black "Supriyono,E"]
[Result "0-1"]
[WhiteElo "2520"]
[BlackElo "2252"]

1.c4 c6 2.e4 d5 3.exd5 cxd5 4.d4 Nf6 5.Nc3 e6 6.Nf3 Be7 7.Bd3 dxc4 8.Bxc4 O-O
9.O-O Nbd7 10.Re1 Nb6 11.Bb3 Bd7 12.Ne5 Rc8 13.Qd3 Bc6 14.Bg5 Bd5 15.Bc2 g6
16.Bh6 Re8 17.Rad1 Nc4 18.Bc1 a6 19.Qh3 b5 20.Qg3 Qc7 21.Nxd5 Nxd5 22.Bb3 Bb4
23.Rf1 Bd6 24.f4 Red8 25.Qf3 Bf8 26.g4 Bg7 27.f5 Nxe5 28.dxe5 Bxe5 29.fxe6 fxe6
30.Bh6 Bg7 31.Bxg7 Kxg7 32.Qe4 Qc5+ 33.Kh1 Ne3 34.Rc1 Rf8 35.Bxe6 Qxc1 36.Qd4+ Kh6
37.g5+ Kh5 38.Bg4+ Nxg4 39.Rxc1 Rxc1+ 40.Kg2 Rf2+ 41.Kh3 Rg1 42.Qxg4+ Rxg4  0-1

[Event "TCh-FRA"]
[Site "Bordeaux FRA"]
[Date "2001.03.29"]
[Round "4"]
[White "Leski,M"]
[Black "Boudre,JP"]
[Result "1-0"]
[WhiteElo "2420"]
[BlackElo "2355"]

1.c4 c6 2.e4 d5 3.exd5 cxd5 4.d4 Nf6 5.Nc3 e6 6.Nf3 Bb4 7.cxd5 Nxd5 8.Bd2 Nc6
9.Bd3 Nf6 10.O-O O-O 11.a3 Be7 12.Be3 Bd7 13.Qe2 Rc8 14.Rad1 Qa5 15.Rfe1 Rfd8
16.Ne4 Be8 17.Nc5 Qc7 18.Rc1 Bxc5 19.dxc5 h6 20.b4 a6 21.Red1 Rd5 22.Bc4 Rxd1+
23.Rxd1 Rd8 24.h3 Nd5 25.Rd3 Ne5 26.Nxe5 Qxe5 27.Rd4 Bc6 28.Qd3 Re8 29.Bd2 Qf6
30.Bc1 Nc7 31.Qd2 h5 32.Rd3 Bd5 33.Bb2 Qf5 34.Rg3 g6 35.Bd3 Be4 36.Rg5 Bxd3
37.Rxf5 Bxf5 38.g4 Bb1 39.Qe1 Nd5  1-0

[Event "TCh-CHN Men"]
[Site "Suzhou, Jiangsu CHN"]
[Date "2001.03.31"]
[Round "6"]
[White "Zhao Xue"]
[Black "Zhang Zhong"]
[Result "0-1"]
[WhiteElo "2440"]
[BlackElo "2607"]

1.c4 c6 2.d4 d5 3.cxd5 cxd5 4.Nc3 Nf6 5.Bf4 Nc6 6.e3 Bf5 7.Qb3 Na5 8.Bb5+ Bd7
9.Qa4 Nc6 10.Nf3 e6 11.h3 Be7 12.O-O O-O 13.Rfc1 a6 14.Bxc6 Bxc6 15.Qb3 Nd7
16.Ne5 Nxe5 17.Bxe5 Qd7 18.Bg3 f6 19.Ne2 g5 20.Rc3 Rac8 21.Rac1 Rfe8 22.a3 Bf8
23.Qa2 a5 24.R1c2 Qf7 25.Nc1 e5 26.dxe5 fxe5 27.Nd3 Bg7 28.e4 Rcd8 29.Rc5 h5
30.Rc1 h4 31.Bh2 a4 32.b4 axb3 33.Qxb3 Rd7 34.Qa2 Kh7 35.Nb4 dxe4 36.Qxf7 Rxf7
37.Nxc6 bxc6 38.Rxc6 Rd8 39.R6c2 Rfd7 40.Kf1 Kg6 41.Re1 Kf5 42.a4 Rd2 43.Rxd2 Rxd2
44.Re2 Rd4 45.Ra2 Rd1+ 46.Ke2 Rh1 47.a5 Bf8 48.Ra4 Bc5 49.Rc4 Bd4 50.a6 Ra1
51.Rc2 Rxa6 52.Rd2 Ra1  0-1

[Event "TCh-FRA"]
[Site "Mulhouse FRA"]
[Date "2001.04.01"]
[Round "7"]
[White "Taddei,B"]
[Black "Catteau,B"]
[Result "1/2-1/2"]
[WhiteElo "2306"]
[BlackElo "2193"]

1.c4 c6 2.Nf3 d5 3.d4 e6 4.g3 f5 5.Bg2 Nf6 6.O-O Bd6 7.Bf4 Bxf4 8.gxf4 O-O
9.Nc3 Ne4 10.e3 Bd7 11.Nxe4 fxe4 12.Ne5 Be8 13.Qg4 Rf6 14.f3 exf3 15.Rxf3 Bg6
16.Rg3 Qe7 17.Kh1 Bf5 18.Qg5 Kh8 19.Rg1 Nd7 20.Bf3 Nxe5 21.fxe5 Rf7 22.Qh5 Raf8
23.c5 g6 24.Qh6 Bd3 25.Kg2 Rxf3 26.Rxf3 Be4 27.Rf1 Rf5 28.Kg3 Qg5+ 29.Qxg5 Rxg5+
30.Kh4 Rh5+ 31.Kg3 Bxf3 32.Rxf3 Rf5 33.Rxf5 gxf5 34.Kh4 Kg7 35.Kg5 h6+ 36.Kh5  1/2-1/2

[Event "56th ch-YUG"]
[Site "Herceg Novi YUG"]
[Date "2001.04.02"]
[Round "10"]
[White "Ostojic,N"]
[Black "Tadic,B"]
[Result "1-0"]
[WhiteElo "2451"]
[BlackElo "2407"]

1.c4 c6 2.e4 d5 3.exd5 cxd5 4.d4 Nf6 5.Nc3 g6 6.Qb3 Bg7 7.cxd5 O-O 8.Nge2 Na6
9.g3 Nc7 10.Bg2 Rb8 11.a4 a6 12.a5 Nfe8 13.Bf4 Nd6 14.O-O b5 15.Na2 b4 16.Nxb4 Bg4
17.Nc3 Bxd4 18.Qa4 Bd7 19.Nc6 Bxc6 20.Qxd4 Bb5 21.Rfe1 Qd7 22.Qe5 Rbe8 23.Rac1 f6
24.Qd4 Rc8 25.Qb4 Rfe8 26.Bxd6 exd6 27.Ne4 Kg7 28.Nxd6  1-0

[Event "Wotulo Mem"]
[Site "Jakarta INA"]
[Date "2001.04.02"]
[Round "13"]
[White "Johansen,D"]
[Black "Praytino,S"]
[Result "1-0"]
[WhiteElo "2520"]
[BlackElo "2391"]

1.c4 c6 2.Nf3 d5 3.d4 Nf6 4.Nc3 e6 5.cxd5 exd5 6.Bg5 Be7 7.Qc2 O-O 8.e3 Ne4
9.Bf4 f5 10.Bd3 Nd7 11.Ne5 Nxe5 12.Bxe5 Bd6 13.f4 Be6 14.O-O Rc8 15.Rad1 c5
16.Bxe4 fxe4 17.Bxd6 Qxd6 18.dxc5 Qxc5 19.Qd2 Rf7 20.Ne2 Rfc7 21.Rc1 Qb6
22.Rxc7 Rxc7 23.Nd4 Bf7 24.Rc1 g6 25.h3 Rc4 26.b3 Rc5 27.Kh2 a5 28.h4 Qc7
29.Rxc5 Qxc5 30.h5 b6 31.Qe1 Kf8 32.hxg6 hxg6 33.Qh4 Qe7 34.Qh8+ Bg8 35.Kg3 a4
36.bxa4 Qa3 37.Qf6+ Ke8 38.Qxg6+ Bf7 39.Qc6+ Kf8 40.Nf5 d4 41.Qh6+ Ke8 42.Qh8+  1-0

[Event "TCh-CHN Men"]
[Site "Suzhou, Jiangsu CHN"]
[Date "2001.04.04"]
[Round "9"]
[White "Chi Fengtong"]
[Black "Xia Yu"]
[Result "0-1"]
[WhiteElo "2229"]
[BlackElo "2335"]

1.c4 c6 2.e4 e6 3.Nf3 d5 4.exd5 exd5 5.cxd5 cxd5 6.Bb5+ Nc6 7.O-O Bd6 8.d4 Ne7
9.h3 O-O 10.Nc3 Bf5 11.Be3 Rc8 12.Rc1 Bb8 13.Bd3 Qd7 14.Re1 Rfd8 15.a3 Na5
16.Bg5 Be6 17.Ne5 Bxe5 18.dxe5 Re8 19.Nb5 Rxc1 20.Qxc1 Nec6 21.Qf4 Nc4 22.Bxc4 dxc4
23.Nd6 Rb8 24.Re3 b5 25.h4 Ne7 26.Bxe7 Qxe7 27.h5 h6 28.Qd4 b4 29.axb4 Rxb4
30.Ra3 Qg5 31.Rxa7 Qxh5 32.Ra8+ Kh7 33.Ra7 Qe2 34.Nxf7 Rxb2 35.Qh4 Bxf7 36.Rxf7 Qxe5
37.Qf4 Rb1+ 38.Kh2 Qh5+ 39.Kg3 Qg6+ 40.Kh2 c3 41.Rxg7+ Kxg7 42.Qc7+ Qf7 43.Qxc3+ Qf6
44.Qc7+ Kg6 45.Qg3+ Qg5 46.Qd3+ Qf5 47.Qd6+ Kf7 48.Qc7+ Ke8 49.Qc6+ Kd8 50.Qxh6 Rb5
51.Qd6+ Ke8 52.Qc6+ Kf8 53.Qd6+ Kg8 54.Qd8+ Qf8 55.Qd2 Qf6  0-1

[Event "Czech Extra League 2000-1"]
[Site "CZE"]
[Date "2001.04.07"]
[Round "10"]
[White "Jurek,J"]
[Black "Vavra,P1"]
[Result "0-1"]
[WhiteElo "2367"]
[BlackElo "2463"]

1.c4 c6 2.e4 d5 3.exd5 cxd5 4.d4 Nf6 5.Nc3 Nc6 6.Nf3 Bg4 7.cxd5 Nxd5 8.Qb3 Bxf3
9.gxf3 e6 10.Qxb7 Nxd4 11.Bb5+ Nxb5 12.Qc6+ Ke7 13.Qxb5 Qd7 14.Nxd5+ Qxd5
15.Bg5+ f6 16.Qxd5 exd5 17.Be3 Ke6 18.O-O-O Bb4 19.Rhg1 g5 20.Kb1 Rhb8 21.Rd3 Bd6
22.Bd4 a5 23.Re1+ Kf5 24.Red1 Bxh2 25.Rh1 Be5 26.Rxh7 Rh8 27.Rxh8 Rxh8 28.Kc2 Bxd4
29.Rxd4 Ke5 30.Rd2 Kf4 31.Rxd5 Rh2 32.Rxa5 Rxf2+ 33.Kc3 Rxf3+ 34.Kc4 g4 35.Ra6 Kf5
36.Ra5+ Kf4 37.Ra8 g3 38.Rg8 Ke3 39.b4 Kf2 40.a4 g2 41.Rxg2+ Kxg2 42.b5 Ra3
43.Kb4 Ra1 44.b6 f5 45.Kc5 f4 46.b7 Rb1  0-1

[Event "ch-UKR Women"]
[Site "Kramatorsk UKR"]
[Date "2001.04.07"]
[Round "12"]
[White "Baklanova,T"]
[Black "Jadvizhena,N"]
[Result "1-0"]
[WhiteElo "2257"]
[BlackElo "2170"]

1.c4 c6 2.d4 d5 3.cxd5 cxd5 4.Bf4 Nc6 5.e3 Nf6 6.Bd3 e6 7.Nc3 Be7 8.Rc1 O-O
9.h3 Bd7 10.g4 Qa5 11.Ne2 a6 12.O-O b5 13.a3 b4 14.axb4 Nxb4 15.Ra1 Qb6 16.Nc1 Rfc8
17.f3 Ne8 18.Rf2 Nd6 19.Bxd6 Bxd6 20.f4 a5 21.Bb1 a4 22.Qd2 Qc7 23.N1e2 Qc4
24.Rf1 Nc6 25.Bd3 Qb4 26.Qc2 h6 27.Rxa4 Rxa4 28.Qxa4 Qxb2 29.Bb5 Qa3 30.Ra1 Qxa4
31.Rxa4 Be8 32.f5 Kf8 33.Kg2 Ke7 34.Ra6 Nb4 35.Ra7+ Rc7 36.Ra8 Nc6 37.Kf3 Bb4
38.Na4 Ne5+ 39.dxe5 Bxb5 40.Nb6 Bd7 41.Nxd7 Kxd7 42.Rg8 Ke7 43.Rxg7 Kf8 44.Rh7 Kg8
45.Rxh6 Kg7 46.Rh5  1-0

[Event "Spring Festival"]
[Site "Bucharest ROM"]
[Date "2001.04.08"]
[Round "3"]
[White "Istratescu,A"]
[Black "Kalezic,B"]
[Result "1/2-1/2"]
[WhiteElo "2582"]
[BlackElo "2443"]

1.c4 c6 2.e4 e5 3.Nf3 d6 4.d4 Nd7 5.Nc3 Ngf6 6.Be2 Be7 7.O-O O-O 8.Re1 Re8
9.Bf1 Qc7 10.Rb1 Nf8 11.d5 c5 12.a3 Ng6 13.b4 b6 14.Nb5 Qd8 15.bxc5 bxc5
16.Bd2 Bd7 17.h3 h6 18.Re3 a6 19.Nc3 Qc7 20.Re1 Reb8 21.Qc2 Bd8 22.Ne2 Nh5
23.Ng3 Nxg3 24.fxg3 Qc8 25.Bd3 Bc7 26.Nh2 Ne7 27.Nf1 Qd8 28.Qc3 Rxb1 29.Rxb1 Rb8
30.Ne3 Rxb1+ 31.Bxb1 g6 32.Bc2 Kg7 33.g4 Ng8 34.Nf1 Be8 35.Nh2 Bd7 36.Nf1  1/2-1/2

[Event "FSGM April"]
[Site "Budapest HUN"]
[Date "2001.04.08"]
[Round "2"]
[White "Berkes,F"]
[Black "Zivanic,M"]
[Result "1-0"]
[WhiteElo "2393"]
[BlackElo "2403"]

1.c4 c6 2.e4 d5 3.exd5 cxd5 4.d4 Nf6 5.Nc3 e6 6.Nf3 Be7 7.Bd3 Nc6 8.O-O O-O
9.a3 dxc4 10.Bxc4 b6 11.Re1 Bb7 12.Qd3 a6 13.Bg5 b5 14.Bb3 b4 15.Na4 Rc8
16.Bxf6 Bxf6 17.Nc5 Ba8 18.Nxe6 fxe6 19.Bxe6+ Kh8 20.Bxc8 Qxc8 21.d5 Ne7
22.d6 Nd5 23.Ne5 Bxe5 24.Rxe5 Qc6 25.Rf5 Rc8 26.Re1 Qxd6 27.Rfe5 Qc6 28.Qxa6 Rf8
29.Qxc6 Bxc6 30.Re6 Bb5 31.R6e5 Bc6 32.Re6 Bb5 33.axb4 Nf4 34.Rb6 Bc4 35.f3 h6
36.b5 Nd3 37.Re7 Ra8 38.h4 Ra2 39.Rb8+ Kh7 40.Rbb7 Rxb2 41.Rxg7+ Kh8 42.Rgc7 Bg8
43.Rb8 Nf4 44.Rcc8 Rxg2+ 45.Kf1 Kh7 46.Rxg8  1-0